000 01015nam a2200277Ia 4500
001 Para_10175
003 CHAP
008 220125sDici xx 000 0 und d
010 _a208712
040 _cCHAP
090 _aPA CD - TESIS 233
100 _aGarcía Fernández, Israel David
_9125690
245 _aIdentificación del ácaro causante del enrollamiento de la hoja del granado (Punica granatum L.) /
_c Israel David García Fernández. Director Ma. del Carmen Sánchez Gálvez
260 _aChapingo, Méx. :
_b el autor
300 _a1 CDS ROM (42 p.)
502 _aTesis (Ing. Agr. Esp. en Parasitología Agrícola). UACh. Departamento Parasitología Agrícola
700 _aSánchez Gálvez, Ma. del Carmen. Director
_9175073
710 _aUACh. Departamento Parasitología Agrícola
_9164025
901 _aPA CD - TESIS 233
902 _aM
905 _a513220Diciembre, 2012 abnm8100000000 06
910 _aDici
942 _cPARA
942 _cPARA
_d2
999 _c208712
_d208712